Textiles for Secondary Students (Record no. 224071)

MARC details
000 -LEADER
fixed length control field 00621nam a22002177a 4500
005 - DATE AND TIME OF LATEST TRANSACTION
control field 20220721141530.0
008 - FIXED-LENGTH DATA ELEMENTS--GENERAL INFORMATION
fixed length control field 220721b ||||| |||| 00| 0 eng d
020 ## - INTERNATIONAL STANDARD BOOK NUMBER
International Standard Book Number 0725700629
040 ## - CATALOGING SOURCE
Transcribing agency Al
041 ## - LANGUAGE CODE
Language code of text/sound track or separate title English
082 ## - DEWEY DECIMAL CLASSIFICATION NUMBER
Edition number 23
Classification number 677
Item number CULT
100 ## - MAIN ENTRY--PERSONAL NAME
Personal name Florence M Cullen
100 ## - MAIN ENTRY--PERSONAL NAME
9 (RLIN) 52272
245 ## - TITLE STATEMENT
Title Textiles for Secondary Students
260 ## - PUBLICATION, DISTRIBUTION, ETC.
Place of publication, distribution, etc. Australia
Name of publisher, distributor, etc. William Brooks and Co PTY Limited
Date of publication, distribution, etc. 2017
300 ## - PHYSICAL DESCRIPTION
Extent 175 p.
Other physical details PB
Dimensions 20.2x13.5 cm.
650 ## - SUBJECT ADDED ENTRY--TOPICAL TERM
Topical term or geographic name entry element Textile fabrics
9 (RLIN) 52273
650 ## - SUBJECT ADDED ENTRY--TOPICAL TERM
Topical term or geographic name entry element Textile industry
9 (RLIN) 52274
650 ## - SUBJECT ADDED ENTRY--TOPICAL TERM
Topical term or geographic name entry element Textile fibers
9 (RLIN) 52275
700 ## - ADDED ENTRY--PERSONAL NAME
Personal name CULLEN (Florence M)
9 (RLIN) 52276
942 ## - ADDED ENTRY ELEMENTS (KOHA)
Source of classification or shelving scheme Dewey Decimal Classification
Koha item type George Fernandes Collections
Holdings
Withdrawn status Lost status Source of classification or shelving scheme Damaged status Not for loan Collection code Home library Current library Date acquired Total Checkouts Full call number Barcode Date last seen Price effective from Koha item type
    Dewey Decimal Classification     Others St Aloysius Library St Aloysius Library 03/23/2013   677 CULT GF01664 07/21/2022 07/21/2022 George Fernandes Collections